| 000 | 00426nam a22001217a 4500 | ||
|---|---|---|---|
| 082 | _a200 THE | ||
| 100 |
_aTalha Zia _970433 |
||
| 245 | _aTH-SOF-1471-Modeling the Viscoelastic Behavior of Engine Oil in the Crankshaft-Journal-Bearing of High Torque Low-Speed Diesel Engine | ||
| 260 |
_aIslamabad _bNUST College of EME _c2017 |
||
| 650 | _aMS-MECH-80 MSTHESIS | ||
| 700 |
_aSupervisor DR. RAJA AMER AZIM _970018 |
||
| 942 | _cCF | ||
| 999 |
_c577412 _d577412 |
||